| Tag |
First Indicator |
Second Indicator |
Subfields |
| LEADER |
00000cam a22000001a 4500 |
| 001 |
in00004471021 |
| 005 |
20210818135052.0 |
| 008 |
721120m19689999nyua b 00110 eng |
| 010 |
|
|
|a 68018660
|
| 020 |
|
|
|a 0121192849 (v. 4)
|
| 035 |
|
|
|a (OCoLC)00516070
|
| 035 |
|
|
|9 AAD7442MS
|
| 035 |
|
|
|z (UtOrBLW)11235
|
| 035 |
|
|
|a 20849
|
| 040 |
|
|
|a DLC
|c DLC
|d m.c.
|d TMV
|d UtOrBLW
|
| 049 |
|
|
|a TMVM
|c 1
|v 4 [1205085]
|v 5 [1207152]
|
| 050 |
0 |
0 |
|a QP361
|b .B68
|
| 060 |
|
4 |
|a WL 101
|b S927 1968
|
| 082 |
0 |
|
|a 596/.01/88
|
| 245 |
0 |
4 |
|a The structure and function of nervous tissue /
|c edited by Geoffrey H. Bourne.
|
| 264 |
|
1 |
|a New York :
|b Academic Press,
|c 1968-
|
| 300 |
|
|
|a volumes :
|b illustrations ;
|c 24 cm.
|
| 336 |
|
|
|a text
|2 rdacontent
|b txt
|
| 337 |
|
|
|a unmediated
|2 rdamedia
|
| 338 |
|
|
|a volume
|2 rdacarrier
|b nc
|
| 504 |
|
|
|a Includes bibliographical references and indexes.
|
| 505 |
1 |
|
|a V. 4. Physiology II and biochemistry II -- v. 5. Structure III and physiology III
|
| 650 |
|
2 |
|a Nerve Tissue
|x anatomy & histology.
|
| 650 |
|
2 |
|a Nerve Tissue
|x physiology.
|
| 700 |
1 |
|
|a Bourne, Geoffrey H.
|q (Geoffrey Howard),
|d 1909-1988.
|
| 999 |
|
|
|a MARS
|
| 999 |
f |
f |
|s 58f01d40-e086-39d3-8a12-e4b09bce9857
|i aff3da63-ba04-32f7-8f63-2196cdeb3ca0
|t 0
|
| 952 |
f |
f |
|p ric
|a Texas A&M University
|b Rellis Campus
|c Joint Library Facility
|d Remote Storage
|t 0
|e WL 101 S927 1968
|h National Library of Medicine classification
|i unmediated -- volume
|k v.4
|m 3238900175230
|
| 952 |
f |
f |
|p ric
|a Texas A&M University
|b Rellis Campus
|c Joint Library Facility
|d Remote Storage
|t 0
|e WL 101 S927 1968
|h National Library of Medicine classification
|i unmediated -- volume
|k v.5
|m 3238900175241
|
| 998 |
f |
f |
|a WL 101 S927 1968
|s v.4-v.5
|t 0
|l Remote Storage
|